000 00752cam a2200229 4500
001 ABS62907
008 000000n2000 000 0 eng u
035 _a(Sirsi) u108440
100 _aRobson, J.
245 _aDown Town
260 _c2000
490 _aLeisure Management
_v20(8) August 2000, 36-38(3)
520 _aExamines a report by Mintel which looks at the issues affecting the leisure market both in and out of town centres. Looks at government planning policy, rents and running costs. Case studies.
590 _aABS
650 _aLEISURE MARKET
650 _aTOWN CENTRES
650 _aOUT OF TOWN DEVELOPMENT
650 _aPLANNING POLICY
650 _aLEISURE DEVELOPMENT
690 _aLEISURE AND RECREATION
942 _n0
999 _c64745
_d64745